000 00598nam a2200241 i 4500
001 C2-0032185
003 PPAK
005 20190630222038.0
008 970219s1991 enk |||| ||||| | eng d
020 _a0330321471
040 _aPPAK
_beng
_cPPAK
_erda
082 0 4 _a823
_223
090 0 0 _a823
_bCOO
_dG
100 1 _aCook, Robin,
_eauthor
245 1 0 _aVital signs
264 1 _aLondon :
_bPan Books ,
_c1991
300 _a396 pages ;
_c19 cm
336 _2rdacontent
_atext
337 _2rdamedia
_aunmediated
338 _2rdacarrier
_avolume
650 1 0 _aEnglish fiction
942 _ddc
_cB
999 _c6038
_d6038